| 000 | 01533nam0a2200337 4500 | ||
|---|---|---|---|
| 001 | RU\NLR\bibl\81659 | ||
| 005 | 20260406065016.0 | ||
| 021 |
_aRU _b1999-50268 _92494 |
||
| 035 | _a(NLR Aleph) 000079738 | ||
| 090 |
_a443466 _c443466 |
||
| 100 | _a20000421d1999 |||y0rusy50 ca | ||
| 101 | 0 | _arus | |
| 102 | _aRU | ||
| 105 | _aa ||||||||| | ||
| 200 | 1 |
_aГенезис и эволюция народных промыслов и ремесел _e(Регион. ист.-культурол. аспект) _fЕ.И. Григорьева _gМ-во общ. и проф. образования Рос. Федерации, Тамб. гос. ун-т им. Г.Р. Державина |
|
| 210 |
_aТамбов _cИзд-во ТГУ _d1999 |
||
| 215 |
_a285, [1] с. _cил. _d20 |
||
| 320 | _aБиблиогр. в конце кн. (183 назв.) | ||
| 606 | 0 |
_aХудожественные промыслы _xЭтнографические исследования _yРоссия _92162731 _3RU\NLR\auth\661301458 |
|
| 606 | 0 |
_aПрикладное искусство русское _91237278 _3RU\NLR\auth\66505139 |
|
| 686 | _aТ52(2)-72 | ||
| 686 | _aЩ123(2Р=Рус)0 | ||
| 700 | 1 |
_4070 _8rus _7ca _aГригорьева _bЕ. И. _cд-р культурологии _gЕлена Ивановна _3RU\NLR\AUTH\7714639 _9124310 |
|
| 801 | 0 |
_aRU _bNLR _c20000421 _gPSBO |
|
| 801 | 1 |
_aRU _bNLR _c20000421 |
|
| 830 | _aАвт. по кн. | ||
| 852 |
_aNLR _j2000-3/1576 |
||
| 942 | _cBOOK | ||
| 980 | _aNB | ||